[Event "Geller Memorial"]
[Site "Moscow"]
[Date "1999.02.10"]
[Round "9.22"]
[White "Bakhtadze, Giorgi"]
[Black "Arbakov, Valentin"]
[Result "0-1"]
[WhiteElo "2384"]
[BlackElo "2482"]
[PlyCount "74"]
[EventDate "1999.02.02"]

1. e4 c5 2. Nf3 d6 3. d4 cxd4 4. Qxd4 a6 5. Bg5 Nc6 6. Qd2 h6 7. Bh4 g5 8. Bg3
Bg7 9. c3 Nf6 10. Bd3 Nh5 11. Na3 e6 12. Rd1 Nxg3 13. hxg3 b5 14. Be2 Ke7 15.
Qe3 Bb7 16. Nc2 Qc7 17. Ncd4 Rab8 18. Nxc6+ Qxc6 19. Nd2 Qc5 20. Qd3 Qb6 21. f4
Rbd8 22. Bf3 h5 23. Bxh5 d5 24. e5 d4 25. c4 Bxg2 26. Rh2 Bc6 27. Ke2 Qc5 28.
b3 gxf4 29. gxf4 Bxe5 30. b4 Qd6 31. c5 Qc7 32. Rf1 Bxf4 33. Rh4 Qe5+ 34. Kd1
Rxh5 35. Rhxf4 f5 36. R4f2 Qe3 37. Kc2 Rh3 0-1

[Event "Geller Memorial"]
[Site "Moscow"]
[Date "1999.02.10"]
[Round "9.24"]
[White "Ulko, Jaroslav"]
[Black "Reprintsev, Alexander"]
[Result "1-0"]
[WhiteElo "2397"]
[BlackElo "2470"]
[PlyCount "139"]
[EventDate "1999.02.02"]

1. d4 d5 2. c4 Bf5 3. Qb3 e5 4. cxd5 exd4 5. e3 Nd7 6. exd4 Qe7+ 7. Ne2 Bxb1 8.
Rxb1 Qb4+ 9. Qxb4 Bxb4+ 10. Nc3 Ngf6 11. a3 Ba5 12. b4 Bb6 13. Be3 O-O-O 14. d6
Rde8 15. Be2 cxd6 16. O-O Ne4 17. Nxe4 Rxe4 18. Bf3 Re6 19. a4 Kb8 20. a5 Bc7
21. Rfc1 Re7 22. Bf4 Rg8 23. h4 h6 24. Rxc7 Kxc7 25. Rc1+ Kd8 26. Bxd6 Re6 27.
Bc7+ Ke7 28. Bxb7 g5 29. d5 Re2 30. Kf1 Rb2 31. Re1+ Kf6 32. Bc6 Rc2 33. Bd6
Nb8 34. hxg5+ hxg5 35. Bb5 Rd2 36. Be7+ Kg6 37. Re5 f6 38. Re6 Kh5 39. Rxf6 Rc8
40. Bc5 Rd1+ 41. Ke2 Rxd5 42. Kf3 Rh8 43. Be2 Kh4 44. Bd6 g4+ 45. Kf4 Rd4+ 46.
Ke3 Rd5 47. Re6 Nd7 48. Bc4 Rd1 49. Be2 Rd5 50. Bd3 Nf8 51. Bg3+ Kh5 52. Re8
Kg5 53. Be5 Rh1 54. Bf4+ Kf6 55. Rxf8+ Ke7 56. Ra8 Re1+ 57. Kd2 Re4 58. Rxa7+
Ke8 59. Be3 Rxb4 60. Kc3 Ra4 61. Bg6+ Kd8 62. Bf7 Rd6 63. Kb3 Re4 64. Bb6+ Kc8
65. Bc4 Rd1 66. Ba6+ Kb8 67. Rb7+ Ka8 68. Rg7 Re8 69. Bb7+ Kb8 70. Ba7+ 1-0

[Event "Geller Memorial"]
[Site "Moscow"]
[Date "1999.02.10"]
[Round "9.27"]
[White "Goloshchapov, Alexander"]
[Black "Feoktistov, Alexey A."]
[Result "1/2-1/2"]
[WhiteElo "2446"]
[BlackElo "2390"]
[PlyCount "64"]
[EventDate "1999.02.02"]

1. e4 e5 2. Nf3 Nc6 3. d4 exd4 4. Nxd4 Bc5 5. Nxc6 Qf6 6. Qd2 dxc6 7. Nc3 Be6
8. Na4 Rd8 9. Bd3 Bd4 10. O-O b5 11. Nc3 Ne7 12. a4 b4 13. Ne2 c5 14. c3 Bxc3
15. Nxc3 bxc3 16. Qc2 O-O 17. bxc3 Bb3 18. Qxb3 Rxd3 19. Be3 Rxc3 20. Qb7 a6
21. Rac1 Ra3 22. Rxc5 Rxa4 23. Rxc7 Ng6 24. Bc5 Re8 25. Rc8 Raxe4 26. Qa8 Qe6
27. Rxe8+ Qxe8 28. Qxa6 Nf4 29. Be3 Ra4 30. Qd6 Ne2+ 31. Kh1 Qa8 32. Qd3 Nf4
1/2-1/2

[Event "Geller Memorial"]
[Site "Moscow"]
[Date "1999.02.10"]
[Round "9.29"]
[White "Beshukov, Sergei"]
[Black "Arkhangelsky, Boris"]
[Result "1-0"]
[WhiteElo "2511"]
[BlackElo "2382"]
[PlyCount "95"]
[EventDate "1999.02.02"]

1. e4 c5 2. d3 Nc6 3. f4 g6 4. Nf3 Bg7 5. g3 d6 6. Bg2 Nf6 7. O-O O-O 8. c3 c4
9. Na3 cxd3 10. Qxd3 Qa5 11. h3 Rd8 12. g4 Rb8 13. Nc2 Qa6 14. Qxa6 bxa6 15.
Nfd4 Nxd4 16. Nxd4 Bb7 17. Re1 e5 18. Nb3 Nd7 19. f5 gxf5 20. gxf5 Bf6 21. Be3
Nb6 22. Na5 Ba8 23. c4 Na4 24. b3 Nc5 25. Rad1 Kf8 26. b4 Na4 27. a3 Rbc8 28.
Bxa7 Ke7 29. Rd2 Rg8 30. Kf1 Rg3 31. Re3 Rcg8 32. Rxg3 Rxg3 33. Bb8 Rxa3 34.
Bxd6+ Ke8 35. c5 Ra1+ 36. Kf2 Rc1 37. Bf3 Bh4+ 38. Kg2 Be1 39. Ra2 Nc3 40. Rb2
Na4 41. Rb3 f6 42. c6 Bxc6 43. Nxc6 Rxc6 44. Rd3 Rc2+ 45. Kf1 Rd2 46. Be2 Nc3
47. Bh5+ Kd7 48. Rxc3 1-0

[Event "Geller Memorial"]
[Site "Moscow"]
[Date "1999.02.10"]
[Round "9.33"]
[White "Mitenkov, Alexey"]
[Black "Strukov, Robert"]
[Result "0-1"]
[WhiteElo "2425"]
[BlackElo "2325"]
[PlyCount "92"]
[EventDate "1999.02.02"]

1. e4 c5 2. Nf3 e6 3. d4 cxd4 4. Nxd4 Nf6 5. Nc3 d6 6. Be3 Be7 7. g4 h6 8. f3
a6 9. Qd2 Nc6 10. O-O-O Bd7 11. Kb1 Qc7 12. Qf2 Ne5 13. h4 b5 14. Bd3 b4 15.
Nce2 Ba4 16. b3 Bd7 17. g5 Nh5 18. Rhg1 a5 19. f4 Nxd3 20. cxd3 a4 21. Nc1 hxg5
22. hxg5 g6 23. f5 e5 24. Nde2 d5 25. d4 dxe4 26. fxg6 fxg6 27. dxe5 Rf8 28.
Qe1 Qxe5 29. Rg2 Rf7 30. Nd4 Ng7 31. Rc2 Nf5 32. Nxf5 Rxf5 33. Qh4 Rf3 34. Bd4
Qd5 35. Qh8+ Rf8 36. Qh7 Qf7 37. Qh2 e3 38. Kb2 Bf5 39. Rc7 Qe6 40. Bc5 Bxg5
41. Bxb4 Bf6+ 42. Bc3 a3+ 43. Ka1 Rf7 44. Rd6 Qe4 45. Nd3 Rxc7 46. Rxf6 O-O-O
0-1

[Event "Geller Memorial"]
[Site "Moscow"]
[Date "1999.02.10"]
[Round "9.34"]
[White "Novichkov, Valery"]
[Black "Zenin, Dmitri"]
[Result "0-1"]
[WhiteElo "2420"]
[BlackElo "2345"]
[PlyCount "116"]
[EventDate "1999.02.02"]

1. e4 e5 2. Nf3 Nc6 3. Bb5 a6 4. Ba4 Nf6 5. O-O Be7 6. Bxc6 dxc6 7. d3 Nd7 8.
Nc3 O-O 9. Bd2 Re8 10. Ne2 Bf8 11. Bc3 f6 12. Ne1 Nc5 13. f4 Na4 14. Bd2 Nxb2
15. Qb1 Nc4 16. Bb4 Bxb4 17. Qxb4 Nb6 18. f5 Qe7 19. Qa5 Qd6 20. Kh1 Nd7 21. g4
Nc5 22. Nf3 Bd7 23. Rg1 h6 24. Rg2 b6 25. Qc3 Kf7 26. Ng3 Ke7 27. Rd1 Kd8 28.
Rgd2 Kc8 29. d4 exd4 30. Rxd4 Qe7 31. e5 fxe5 32. Rxd7 Nxd7 33. Qxc6 Ra7 34. f6
Nb8 35. Qa4 gxf6 36. Nf5 Qf8 37. Qc4 Rd8 38. Rb1 Kb7 39. Rb3 Qg8 40. Qe4+ Qd5
41. Qxd5+ Rxd5 42. Nxh6 Nd7 43. Nf5 Ra8 44. Kg2 Nc5 45. Re3 Ne6 46. h4 Rc5 47.
c3 Ra5 48. Kg3 Rxa2 49. g5 Nf4 50. Nxe5 fxe5 51. Rxe5 Nh5+ 52. Kg4 Rh8 53. Nh6
Ng7 54. Re7 Ra4+ 55. Kh3 Rxh6 56. gxh6 Nf5 57. h5 Rh4+ 58. Kg2 Nxe7 0-1

[Event "Geller Memorial"]
[Site "Moscow"]
[Date "1999.02.10"]
[Round "9.36"]
[White "Virovlansky, Semen"]
[Black "Pokrovski, Pavel"]
[Result "1-0"]
[WhiteElo "2410"]
[BlackElo "2305"]
[PlyCount "65"]
[EventDate "1999.02.02"]

1. e4 e5 2. Nf3 Nf6 3. Nc3 Nc6 4. g3 d5 5. exd5 Nxd5 6. Bg2 Nxc3 7. bxc3 Bc5 8.
O-O O-O 9. Re1 Qf6 10. Qe2 Bd7 11. d3 e4 12. dxe4 Qxc3 13. Bd2 Qf6 14. e5 Qe7
15. h3 Rae8 16. Qc4 h6 17. Rab1 Bb6 18. a4 Qe6 19. Qb3 Qxb3 20. cxb3 Bf5 21.
Rbc1 Rd8 22. b4 a5 23. bxa5 Nxa5 24. Be3 Bxe3 25. Rxe3 Rd7 26. Nh4 Be6 27. f4
b6 28. f5 Bb3 29. e6 fxe6 30. fxe6 Rd1+ 31. Rxd1 Bxd1 32. e7 Re8 33. Bd5+ 1-0

[Event "Geller Memorial"]
[Site "Moscow"]
[Date "1999.02.10"]
[Round "9.37"]
[White "Matveeva, Svetlana"]
[Black "Bachin, Vitaly"]
[Result "1/2-1/2"]
[WhiteElo "2405"]
[BlackElo "2295"]
[PlyCount "106"]
[EventDate "1999.02.02"]

1. d4 d6 2. Nf3 Bg4 3. c4 Nd7 4. Qb3 Rb8 5. Be3 Ngf6 6. Nc3 c6 7. Nd2 Bh5 8. h3
Bg6 9. g3 e6 10. Bg2 d5 11. Bf4 Rc8 12. Qxb7 Nh5 13. Be3 Bd6 14. c5 Bb8 15. Nf3
O-O 16. O-O f5 17. Bg5 Qe8 18. e3 e5 19. dxe5 h6 20. Bf4 Nxc5 21. Qb4 Ne6 22.
Rac1 Bf7 23. Nh4 g5 24. Nxf5 Kh7 25. Nd6 Bxd6 26. exd6 gxf4 27. exf4 Nf6 28.
Rfe1 Qd8 29. f5 Ng7 30. g4 Ng8 31. Re7 Rb8 32. Qa3 Ne8 33. Qxa7 Nxd6 34. Rd7
Qf6 35. Qc7 Rbd8 36. Rxd8 Rxd8 37. Qxc6 Rc8 38. Qd7 Qe5 39. Rd1 Nf6 40. Qa7 Kg8
41. Qd4 Qxd4 42. Rxd4 Rc4 43. Rd1 Nde4 44. Bxe4 Nxe4 45. Nxe4 Rxe4 46. Rd2 Kg7
47. f3 Rb4 48. Kf2 Kf6 49. Kg3 Bg8 50. b3 Bf7 51. Rc2 d4 52. Rd2 Ke5 53. Re2+
Kf6 1/2-1/2

[Event "Geller Memorial"]
[Site "Moscow"]
[Date "1999.02.10"]
[Round "9.38"]
[White "Maiorov, Oleg"]
[Black "Volodin, Alexey"]
[Result "1-0"]
[WhiteElo "2400"]
[BlackElo "2300"]
[PlyCount "81"]
[EventDate "1999.02.02"]

1. e4 e6 2. d3 d5 3. Qe2 Be7 4. Nf3 Nf6 5. g3 O-O 6. Bg2 c5 7. O-O Nc6 8. e5
Nd7 9. c4 dxc4 10. dxc4 Qc7 11. Bf4 Rd8 12. Nc3 Nf8 13. Nb5 Qb6 14. Bg5 Bxg5
15. Nxg5 h6 16. Nh3 Nd7 17. f4 Nd4 18. Nxd4 cxd4 19. Rab1 a5 20. Nf2 Nc5 21.
Rfd1 a4 22. Rd2 a3 23. b3 Na4 24. Rc1 Nc3 25. Qd3 Bd7 26. Ne4 Bc6 27. Nd6 Rd7
28. Kf1 Qc5 29. Rcc2 Bxg2+ 30. Kxg2 Nb1 31. Rf2 Rad8 32. b4 Qxb4 33. Qxd4 Rb8
34. Rf3 b5 35. Rb3 Qa4 36. Qd1 Qa8+ 37. Kh3 bxc4 38. Rxb1 Rxb1 39. Qxb1 Qf3 40.
Qe1 g5 41. Qe2 1-0

[Event "Geller Memorial"]
[Site "Moscow"]
[Date "1999.02.10"]
[Round "9.39"]
[White "Ivanov, Timur"]
[Black "Laptev, Dmitri"]
[Result "1-0"]
[WhiteElo "2390"]
[BlackElo "2280"]
[PlyCount "57"]
[EventDate "1999.02.02"]

1. Nf3 Nf6 2. c4 e6 3. Nc3 Bb4 4. Qc2 O-O 5. a3 Bxc3 6. Qxc3 b6 7. b3 Bb7 8.
Bb2 c5 9. e3 Nc6 10. Be2 Qe7 11. O-O Rfd8 12. d4 cxd4 13. Nxd4 d5 14. Rfd1 Nxd4
15. Rxd4 Rac8 16. Qb4 Qc5 17. Rad1 Re8 18. Qxc5 bxc5 19. R4d2 Ne4 20. Rc2 Ba8
21. f3 Nd6 22. Kf2 f6 23. cxd5 Bxd5 24. Rc3 Nb7 25. e4 Bc6 26. Bc1 a5 27. Be3
Re7 28. Bxc5 Rd7 29. Rdc1 1-0

[Event "Geller Memorial"]
[Site "Moscow"]
[Date "1999.02.10"]
[Round "9.43"]
[White "Yemelin, Vasily"]
[Black "Kunin, Vitaliy"]
[Result "1-0"]
[WhiteElo "2550"]
[BlackElo "2290"]
[PlyCount "59"]
[EventDate "1999.02.02"]

1. e4 c5 2. Nf3 d6 3. d4 cxd4 4. Nxd4 Nf6 5. Nc3 a6 6. Be2 e5 7. Nb3 Be7 8. O-O
Be6 9. f4 Qc7 10. f5 Bc4 11. Re1 Nbd7 12. Bf3 b5 13. a3 Rc8 14. Be3 a5 15. Nd2
O-O 16. Nxc4 bxc4 17. Qd2 Rb8 18. Rab1 Qc6 19. g4 Nb6 20. g5 Nfd7 21. Kh1 f6
22. g6 hxg6 23. fxg6 Rfd8 24. Bg4 Nf8 25. Bxb6 Qxb6 26. Nd5 Qa7 27. Qe3 Rb7 28.
Qh3 f5 29. Bxf5 Bg5 30. Be6+ 1-0

[Event "Geller Memorial"]
[Site "Moscow"]
[Date "1999.02.10"]
[Round "9.44"]
[White "Drozdovskiy, Yuri"]
[Black "Chekhov, Valery A"]
[Result "0-1"]
[WhiteElo "2312"]
[BlackElo "2511"]
[PlyCount "74"]
[EventDate "1999.02.02"]

1. d4 d6 2. c4 e5 3. Nf3 e4 4. Nfd2 f5 5. e3 Nf6 6. Nc3 g6 7. b4 Nc6 8. b5 Ne7
9. a4 Bg7 10. Be2 O-O 11. O-O g5 12. Ba3 Re8 13. Qc2 Ng6 14. Kh1 Qe7 15. c5 d5
16. c6 Qf7 17. cxb7 Bxb7 18. a5 f4 19. Na4 Nh4 20. Rac1 Rac8 21. a6 Ba8 22. b6
f3 23. gxf3 Qh5 24. Qd1 exf3 25. Nxf3 cxb6 26. Ne5 Qh6 27. Bb5 Ne4 28. Bxe8
Rxe8 29. Nd3 Qe6 30. Rg1 Bc6 31. Nab2 Bd7 32. Rc2 Qh3 33. Qh5 h6 34. Ne5 Rxe5
35. dxe5 g4 36. f4 Qf3+ 37. Rgg2 Nxg2 0-1

[Event "Geller Memorial"]
[Site "Moscow"]
[Date "1999.02.10"]
[Round "9.45"]
[White "Goletiani, Rusudan"]
[Black "Kostenko, Petr"]
[Result "1/2-1/2"]
[WhiteElo "2310"]
[BlackElo "2468"]
[PlyCount "87"]
[EventDate "1999.02.02"]

1. Nf3 Nf6 2. b3 g6 3. Bb2 Bg7 4. e3 O-O 5. Be2 c5 6. c4 b6 7. d4 cxd4 8. Nxd4
d5 9. Nc3 Bb7 10. O-O a6 11. cxd5 Nxd5 12. Bf3 Nxc3 13. Bxc3 Ra7 14. Bxb7 Rxb7
15. Rc1 Rd7 16. Qe2 Rd5 17. Rfd1 Qd6 18. Nf3 Rd8 19. Rxd5 Qxd5 20. Bxg7 Kxg7
21. h3 b5 22. Qb2+ f6 23. Qc3 Kf7 24. Qc7 Qd6 25. Qc3 Nd7 26. a4 Nb6 27. axb5
axb5 28. Nd4 b4 29. Qe1 Nd5 30. Nc6 Ra8 31. e4 Nf4 32. Qe3 g5 33. Qf3 Ra2 34.
e5 Qd3 35. Qxd3 Nxd3 36. Rd1 Nxe5 37. Nxb4 Rb2 38. Nd3 Nxd3 39. Rxd3 h5 40. g3
f5 41. g4 hxg4 42. hxg4 f4 43. Rd5 Kf6 44. Rf5+ 1/2-1/2

[Event "Geller Memorial"]
[Site "Moscow"]
[Date "1999.02.10"]
[Round "9.47"]
[White "Lobzhanidze, Davit"]
[Black "Igriashvili, Zurab"]
[Result "1-0"]
[WhiteElo "2452"]
[BlackElo "2327"]
[PlyCount "147"]
[EventDate "1999.02.02"]

1. e4 e5 2. Nf3 d6 3. d4 Nd7 4. Nc3 Ngf6 5. Bc4 Be7 6. O-O O-O 7. a4 c6 8. Re1
Qc7 9. b3 b6 10. d5 c5 11. Bf1 a6 12. Nd2 Ne8 13. Nc4 Bf6 14. Rb1 g6 15. b4 Rb8
16. Bd2 Bg7 17. Rb3 f5 18. Qb1 cxb4 19. Rxb4 f4 20. Qb2 Bf6 21. Rb1 Bh4 22. Be1
f3 23. g3 Bd8 24. Bd2 h5 25. Be3 h4 26. g4 Nef6 27. Bxb6 Nxb6 28. Rxb6 Rxb6 29.
Qxb6 Qxb6 30. Nxb6 Bc7 31. Nxc8 Rxc8 32. Bxa6 Rd8 33. Bd3 Ba5 34. Nd1 Nd7 35.
Ne3 Nc5 36. Nc4 Bc7 37. a5 Ra8 38. Rb5 Kg7 39. Nd2 Rxa5 40. Rxa5 Bxa5 41. Nxf3
Bd8 42. g5 Nd7 43. Nxh4 Bxg5 44. Ng2 Kf6 45. Kf1 Bc1 46. Be2 Nc5 47. Bf3 Kg5
48. Ke2 Ba3 49. h4+ Kf6 50. Ne3 Ke7 51. Bg2 Bb2 52. f3 Bc1 53. Bh3 Nb7 54. Bg4
Kf6 55. Nc4 Ke7 56. Ne3 Kf6 57. Nc4 Ke7 58. Nb6 Bf4 59. Kd3 Bg3 60. Kc4 Kd8 61.
Na8 Bxh4 62. Kb5 Be7 63. Kb6 Nc5 64. Nc7 Na4+ 65. Kb7 Nc3 66. Kc6 Ne2 67. c3
Nxc3 68. Bd7 Bf8 69. Ne6+ Ke7 70. Nxf8 Kxf8 71. Kxd6 Nb1 72. Kxe5 Nd2 73. Bg4
Kf7 74. Kd4 1-0

[Event "Geller Memorial"]
[Site "Moscow"]
[Date "1999.02.10"]
[Round "9.55"]
[White "Kosarev, Andrei M"]
[Black "Grachev, Boris"]
[Result "1/2-1/2"]
[WhiteElo "2345"]
[BlackElo "2192"]
[PlyCount "99"]
[EventDate "1999.02.02"]

1. d4 d5 2. c4 e6 3. Nc3 c6 4. Nf3 dxc4 5. a4 Bb4 6. g3 Nf6 7. Bg2 O-O 8. O-O
Nbd7 9. Nd2 Nb6 10. e3 c5 11. dxc5 Bxc5 12. a5 Nbd5 13. Nxc4 Nxc3 14. bxc3 Nd5
15. Qb3 Qf6 16. Bd2 a6 17. e4 Nc7 18. Nb6 Bxb6 19. Qxb6 Nb5 20. Qc5 e5 21. f4
Be6 22. fxe5 Qd8 23. Rf2 Rc8 24. Qe3 Qc7 25. Qf4 Qc5 26. Bf1 Nxc3 27. Rc1 Qd4
28. Qe3 Qxe3 29. Bxe3 Nxe4 30. Rfc2 Rxc2 31. Rxc2 Rc8 32. Rb2 Bd5 33. Bg2 Rc3
34. Bxe4 Bxe4 35. Bb6 h5 36. Re2 Bd5 37. Rd2 Bc6 38. Bd4 Ra3 39. Bb6 Kh7 40.
Rd4 Ra1+ 41. Kf2 Ra2+ 42. Ke3 Kg6 43. Rh4 Ra3+ 44. Kd2 Rf3 45. g4 hxg4 46.
Rxg4+ Kf5 47. Rxg7 Kxe5 48. Rg3 Rf5 49. h4 Ke6 50. Re3+ 1/2-1/2

[Event "Geller Memorial"]
[Site "Moscow"]
[Date "1999.02.10"]
[Round "9.74"]
[White "Tuturin, Sergey"]
[Black "Hait, Alexander"]
[Result "0-1"]
[WhiteElo "2248"]
[BlackElo "2400"]
[PlyCount "50"]
[EventDate "1999.02.02"]

1. e4 d6 2. d4 Nf6 3. Nc3 g6 4. Bg5 c6 5. Qd2 Bg7 6. Bh6 Bxh6 7. Qxh6 Qa5 8.
Bd3 c5 9. Nge2 cxd4 10. Nxd4 Qb6 11. O-O-O Nc6 12. Ndb5 Be6 13. Qd2 a6 14. Na3
Qc5 15. Na4 Qd4 16. Nc3 b5 17. Qe2 b4 18. Bxa6 Qc5 19. Nab5 O-O 20. Na4 Qg5+
21. Kb1 Rxa6 22. h4 Bxa2+ 23. Kxa2 Rxa4+ 24. Kb3 Qe5 25. Kxa4 Nxe4 0-1

[Event "Geller Memorial"]
[Site "Moscow"]
[Date "1999.02.10"]
[Round "9.75"]
[White "Zhadanov, Nikolay"]
[Black "Mikheev, Stanislav"]
[Result "0-1"]
[WhiteElo "2230"]
[BlackElo "2390"]
[PlyCount "156"]
[EventDate "1999.02.02"]

1. e4 Nf6 2. e5 Nd5 3. c4 Nb6 4. c5 Nd5 5. Bc4 e6 6. Qg4 Nc6 7. Nf3 d6 8. cxd6
cxd6 9. d4 Ndb4 10. Na3 dxe5 11. Bg5 f6 12. O-O-O fxg5 13. dxe5 Nd5 14. Nxg5
Nxe5 15. Bb5+ Ke7 16. Qe4 Nf7 17. Nxh7 Qc7+ 18. Kb1 Qf4 19. Qc2 Bd7 20. Rhe1
Rc8 21. Rxd5 Nd6 22. Qg6 Rxh7 23. Qxh7 Nxb5 24. Nxb5 Rc1+ 25. Rxc1 exd5 26.
Re1+ Kd8 27. Qh5 Bxb5 28. Qxd5+ Bd7 29. Qxb7 Bc5 30. Rd1 Qf5+ 31. Ka1 Bxf2 32.
Qb8+ Ke7 33. Qd6+ Ke8 34. Qb8+ Kf7 35. Qb7 Ke7 36. Rd5 Qe6 37. Qb4+ Kf7 38.
Qf4+ Kg8 39. Rd1 Bb6 40. h4 Be8 41. g4 Bf7 42. Qa4 Bf2 43. h5 Bh4 44. Qxa7 Qxg4
45. Rh1 Qc4 46. Qa5 Bf6 47. Re1 Kh7 48. Rh1 Qd4 49. Qb5 Be6 50. Rb1 Qa7 51.
Qd3+ Kg8 52. a3 Bf5 53. Qd6 Bxb1 54. Kxb1 Qf2 55. Qb4 Qf5+ 56. Ka2 Qxh5 57. a4
Qd5+ 58. Kb1 Bd8 59. Kc2 Kh7 60. Qg4 g5 61. Qh5+ Kg7 62. Qg4 Kg6 63. Kc1 Bc7
64. Qb4 Bd6 65. Qe1 Bf4+ 66. Kb1 Kf5 67. Ka1 g4 68. Qb1+ Kg5 69. Qe1 g3 70.
Qe7+ Kg4 71. Qe2+ Kh3 72. Qc2 g2 73. Qh7+ Kg4 74. Qg6+ Bg5 75. Qb1 Kg3 76. Qe1+
Kh2 77. Qe2 Bf4 78. Qc2 Kh1 0-1